000 00634nam a2200205 i 4500
003 DO-SdBNP
005 20260318115425.0
006 a||||gr|||| 00| 0
007 ta
008 230505e2002 dr ac||gr|||| 000 0 spa d
040 _aDO-SdBNP
_bspa
_cBNPHU
_erda
082 4 _222
_bI43a
110 _aFalconbridge Dominicana
_910755
245 1 0 _aFundación Falconbridge :
_binforme anual 2002. /
264 3 0 _aSanto Domingo :
_bFUNDACION FALCONBRIDGE , inc.
_c2002
300 _a[31] páginas :
_bilustraciones ;
_c27 cm.
500 _aIncluye bibliografía y notas al pie de páginas.
590 _aInventariado 2023
942 _2ddc
_cLF2
999 _c53432
_d53432